000 00289nam a22001337a 4500
008 170309b xxu||||| |||| 00| 0 eng d
020 _a0030569885
041 _aeng
080 _a611
100 _a6
101 _aSHM
245 _aMODERN HUMAN PHYSIOLOGY
_cCORNETT, G.D
942 _2udc
_cBK
999 _c7325
_d7325